Poesía medieval italiana: antología bilingüe

Uloženo v:
Podrobná bibliografie
Hlavní autor: Frattoni, Oreste (Autor)
Médium: Kniha
Jazyk:španělština
Vydáno: Buenos Aires Centro Editor de América Latina 1978
Edice:Biblioteca General, 9
Témata:
Tagy: Přidat tag
Žádné tagy, Buďte první, kdo vytvoří štítek k tomuto záznamu!

MARC

LEADER 00000nam a2200000 a 4500
001 UCK2916
003 CL-VaPUC
008 050401e19780000AG |||||||||||||||||spa|d
082 0 4 |a 851  |b FRA  |2 21 
100 0 |a Frattoni, Oreste  |e author  |9 490934 
245 1 0 |a Poesía medieval italiana: antología bilingüe 
300 |a 265 p 
942 |c BK 
945 |d 20050401 00:00:00  |a cmena 
260 |a Buenos Aires  |b Centro Editor de América Latina  |c 1978 
650 0 |a Poesías italianas  |9 265352 
650 7 |a POESIAS MEDIEVALES  |2 CL-VaPUC  |9 393401 
650 0 |a Antologías  |9 309836 
583 |a last modification  |c 20050401 00:00:00  |k Rodrigo Vera 
490 0 |a Biblioteca General, 9 
999 |c 312307  |d 312305 
952 |0 0  |1 0  |4 0  |6 851_000000000000000_FRA_1978  |7 0  |8 A  |9 382376  |a BIBART  |b BIBART  |d 2019-11-21  |i 4105478  |o 851 FRA 1978  |p 4105478  |r 2025-03-13  |w 2019-11-21  |y BK  |k ART